000
00297nam a22001337a 4500
020
_a
9352300742
041
_a
ENG
100
_a
Murthy.V.R.K
245
_a
Basic Principles Of Agricural Meteorology
260
_a
Delhi
_b
BS Pub
_c
2011
300
_a
261
650
_a
SWCE
856
_u
SWCE ( 06 )
999
_c
1888
_d
1888